| 000 | 00660nam a2200241Ia 4500 | ||
|---|---|---|---|
| 003 | OSt | ||
| 005 | 20220923225029.0 | ||
| 006 | a|||||r|||| 00| 0 | ||
| 007 | ta | ||
| 008 | 220922b |||||||| |||| 00| 0 san d | ||
| 024 | _a255,495 | ||
| 037 | _cTextual | ||
| 040 |
_aARTS _cARTS _bsan |
||
| 041 |
_2san _asan |
||
| 082 | _aP15,10A3:28x1,1:g, 152K5 | ||
| 100 | _aभगवहत | ||
| 245 | 0 | _aनिरूक्त शास्त्रम् | |
| 246 | _aNirūkta shāstram | ||
| 260 | _c1965 | ||
| 300 |
_a704पृ0 _ccm. |
||
| 942 |
_hP15,10A3:28x1,1:g, 152K5 _cTEXL _2CC |
||
| 999 |
_c375522 _d375522 |
||